Podnájomníkom už poslali výpovede Problémy v Dome kultúry stále pretrvávajú

Bibliographic Details
Main Author: Mohamadová, Iveta (Author)
Corporate Author: Dom kultúry VSŽ (Košice, Slovensko) (Author)
Format: Article
Language:Slovak
Subjects:

MARC

LEADER 00000nab a2200000 a 4500
001 vtls000916773
003 SK-MaSNL
005 20260302173636.0
008 040720e19920311xo 0 slo
035 |a KE25653 
040 |a KEVKJB  |b slo  |c KEVKJB  |e AACR2 
041 0 |a slo 
044 |a xo  |c SK 
080 |a 669.1  |2 1981 
080 |a 379.821  |2 1981 
100 1 |a Mohamadová, Iveta  |4 aut  |9 881589 
245 1 0 |a Podnájomníkom už poslali výpovede  |b Problémy v Dome kultúry stále pretrvávajú 
610 2 7 |a Dom kultúry VSŽ (Košice, Slovensko)  |2 KEVKJB  |9 881135 
650 0 7 |a aktivity podnikateľské  |2 KEVKJB  |9 879779 
650 0 7 |a problémy  |2 KEVKJB  |9 354460 
651 7 |a KE,  |2 KEVKJB  |9 877256 
655 7 |a periodikum  |2 snkbucl  |9 29553 
710 2 |a Dom kultúry VSŽ (Košice, Slovensko)  |4 aut  |9 881135 
773 0 8 |t Oceľ východu  |g Roč. 32  |g Roč. 28, č.10, 11.3.1992, s. 5 
852 |a ZVYKNI  |b KIS3GCP 
999 |c 1402002  |d 1403932